|
|
|
|
| LEADER |
00000cam a22000004a 4500 |
| 001 |
musev2_62891 |
| 003 |
MdBmJHUP |
| 005 |
20230905050454.0 |
| 006 |
m o d |
| 007 |
cr||||||||nn|n |
| 008 |
180312s2018 wvu o 00 0 eng d |
| 020 |
|
|
|a 9781946684448
|
| 020 |
|
|
|z 9781946684431
|
| 020 |
|
|
|z 9781946684363
|
| 035 |
|
|
|a (OCoLC)1066191863
|
| 040 |
|
|
|a MdBmJHUP
|c MdBmJHUP
|
| 100 |
1 |
|
|a Adamson, Michael R.,
|e author.
|
| 245 |
1 |
0 |
|a Oil and Urbanization on the Pacific Coast :
|b Ralph Bramel Lloyd and the Shaping of the Urban West /
|c Michael R. Adamson.
|
| 250 |
|
|
|a First edition.
|
| 264 |
|
1 |
|a Morgantown :
|b West Virginia University Press,
|c 2018.
|
| 264 |
|
3 |
|a Baltimore, Md. :
|b Project MUSE,
|c 2018
|
| 264 |
|
4 |
|c ©2018.
|
| 300 |
|
|
|a 1 online resource (396 pages):
|b illustrations, maps.
|
| 336 |
|
|
|a text
|b txt
|2 rdacontent
|
| 337 |
|
|
|a computer
|b c
|2 rdamedia
|
| 338 |
|
|
|a online resource
|b cr
|2 rdacarrier
|
| 490 |
0 |
|
|a Energy and society
|
| 505 |
0 |
|
|a Intro; Contents; List of Figures; List of Tables; Acknowledgments; Abbreviations; Introduction: The Role of the Independent Oil Operator; 1. Developing the Ventura Avenue Field; 2. Local Elites, Outside Companies, and Ventura's Oil Boom; 3. Making Portland a Wonderful City; 4. False Start: Ralph Lloyd's East Side Dream Falls Short; 5. The Lloyd Corporation Becomes an Independent Operator; 6. Depression-Era Commercial Real Estate Development and Management; 7. Public Capital and the Development of Portland's East Side; 8. The Suburbanization of Urban Space: The Lloyd Center; Conclusion.
|
| 588 |
|
|
|a Description based on print version record.
|
| 600 |
1 |
0 |
|a Lloyd, Ralph Bramel.
|
| 650 |
|
7 |
|a Real estate development.
|2 fast
|0 (OCoLC)fst01090973
|
| 650 |
|
7 |
|a Petroleum industry and trade.
|2 fast
|0 (OCoLC)fst01059546
|
| 650 |
|
7 |
|a Businessmen.
|2 fast
|0 (OCoLC)fst00842951
|
| 650 |
|
7 |
|a BUSINESS & ECONOMICS / Real Estate / General.
|2 bisacsh
|
| 650 |
|
6 |
|a Hommes d'affaires
|z États du Pacifique (États-Unis)
|v Biographies.
|
| 650 |
|
6 |
|a Petrole
|x Industrie et commerce
|z États du Pacifique (États-Unis)
|x Histoire.
|
| 650 |
|
6 |
|a Promotion immobiliere
|z États du Pacifique (États-Unis)
|x Histoire.
|
| 650 |
|
0 |
|a Businessmen
|z Pacific States
|v Biography.
|
| 650 |
|
0 |
|a Petroleum industry and trade
|z Pacific States
|x History.
|
| 650 |
|
0 |
|a Real estate development
|z Pacific States
|x History.
|
| 651 |
|
7 |
|a United States
|z Pacific States.
|2 fast
|0 (OCoLC)fst01243532
|
| 655 |
|
7 |
|a History.
|2 fast
|0 (OCoLC)fst01411628
|
| 655 |
|
7 |
|a Biographies.
|2 fast
|0 (OCoLC)fst01919896
|
| 655 |
|
7 |
|a Electronic books.
|2 local
|
| 710 |
2 |
|
|a Project Muse.
|
| 710 |
2 |
|
|a Project Muse.
|e distributor
|
| 830 |
|
0 |
|a Book collections on Project MUSE.
|
| 856 |
4 |
0 |
|z Texto completo
|u https://projectmuse.uam.elogim.com/book/62891/
|
| 945 |
|
|
|a Project MUSE - Custom Collection
|
| 945 |
|
|
|a Project MUSE - 2018 Complete
|
| 945 |
|
|
|a Project MUSE - 2018 History
|